Trenerzy reprezentacji Polski w skokach narciarskich - Statystyki

Ogólne statystyki
  • Ten quiz został rozwiązany 110 razy
  • Średni wynik to 6 z 15
Statystyki odpowiedzi
Lata kraj pochodzenia Odpowiedź % Poprawnych
28.03.2008-24.03.2016 Polska Łukasz Kruczek
86%
24.03.2019-do teraz Czechy Michal Dolezal
83%
24.03.2016-24.03.2019 Austria Stefan Horngacher
83%
01.06.1999-30.04.2004 Polska Apoloniusz Tajner
81%
30.04.2006-11.03.2008 Finlandia Hannu Lepisto
67%
30.04.2004-30.04.2006 Austria Heinz Kuttin
53%
10.01.1999-30.04.1999 Polska Piotr Fijas
46%
01.10.1994-06.01.1999 Czechy Pavel Mikeska
27%
1981-1990/91 Polska Lech Nadarkiewicz
9%
1992-1994 Polska Piotr Pawlusiak
8%
1969-1976 Polska Janusz Fortecki
7%
1950-1967 Polska Mieczysław Kozdruń
7%
1976-1981 Polska Tadeusz Kołder
7%
1967-1969 Polska Anroni Wieczorek
5%
1990/91-1992 Polska Jarosław Węgrzynkiewicz
4%
Nie znaleziono quizów pasujących do podanych kryteriów
Rozkład punktacji
Procent ludzi z każdym wynikiem
Percentyl według liczby udzielonych odpowiedzi
Twoja historia wyników
Nie rozwiązałeś tego quizu